000 00333nam a22001217a 4500
008 190314b xxu||||| |||| 00| 0 eng d
041 _aeng
080 _a043.3
100 _a0
101 _aMBE-MA
245 _aSfidat e menaxhimit te operacioneve ne kohen e Industrise 40: Rasti i kompanive kosovare
_cGalimuna, T
942 _2udc
_cBK
999 _c54815
_d54815